[Event "SEMI B023 email"]
[Site "SEMI email"]
[Date "2001.10.05"]
[Round "?"]
[White "Langer, Dusan"]
[Black "Manzo, Andrea"]
[Result "0-1"]
[WhiteElo "1350"]
[BlackElo "1200"]
[PlyCount "46"]
[EventDate "2001.10.05"]
[EventType "tourn (corr)"]
[EventRounds "4"]
[EventCountry "ITA"]
[SourceTitle "Corr 2004"]
[Source "ChessBase"]
[SourceDate "2003.04.28"]
[SourceVersion "3"]
[SourceVersionDate "2003.04.28"]
[SourceQuality "1"]

1. e4 c5 2. Nf3 e6 3. d4 cxd4 4. Nxd4 Nf6 5. Nc3 d6 6. g4 Nc6 7. g5 Nd7 8. Be3 Be7 9. f4 0-0 10. Qf3 Nxd4 11. Bxd4 e5 12. Be3 exf4 13. Qxf4 Ne5 14. 0-0-0 f6 15. Nd5 Be6 16. Nxe7+ Qxe7 17. Kb1 Rac8 18. h4 Qd7 19. g6 Bxa2+ 20. Kxa2 Qa4+ 21. Kb1 Qxc2+ 22. Ka2 Qa4+ 23. Kb1 Qxd1+ 0-1